|
|
|
|
| LEADER |
00000nam0a2200000 4500 |
| 001 |
41882 |
| 005 |
20231031014730.0 |
| 010 |
|
|
|a 5941250401
|
| 035 |
|
|
|a (RuTPU)RU\TPU\book\43024
|
| 090 |
|
|
|a 41882
|
| 100 |
|
|
|a 20020704d2002 m y0rusy50 ca
|
| 101 |
0 |
|
|a rus
|
| 102 |
|
|
|a RU
|
| 105 |
|
|
|a a j 000zy
|
| 200 |
1 |
|
|a Основы финансового анализа
|f С. А. Черногорский, А. Б. Тарушкин
|
| 210 |
|
|
|a Санкт-Петербург
|c Герда
|d 2002
|a Москва
|
| 215 |
|
|
|a 176 с.
|c табл.
|
| 330 |
|
|
|a В книге изложены сущность, цели, задачи и виды финансового анализа, предмет и методы финансового анализа хозяйственной деятельности организаций, методика детерминированного факторного анализа. Представлен пример финансового анализа, основанный на данных бухгалтерской отчетности за 1996-2000 гг.Книга рассчитана на людей, получающих второе высшее образование, а также практических работников и студентов высших учебных заведений экономических специальностей.
|
| 610 |
1 |
|
|a экономика
|
| 610 |
1 |
|
|a финансы
|
| 610 |
1 |
|
|a финансовый анализ
|
| 610 |
1 |
|
|a бухгалтерский баланс
|
| 610 |
1 |
|
|a прибыль
|
| 610 |
1 |
|
|a убытки
|
| 610 |
1 |
|
|a бухгалтерская отчетность
|
| 610 |
1 |
|
|a документы
|
| 610 |
1 |
|
|a аудит
|
| 610 |
1 |
|
|a вертикальный анализ
|
| 610 |
1 |
|
|a горизонтальный анализ
|
| 610 |
1 |
|
|a факторный анализ
|
| 610 |
1 |
|
|a учебные пособия
|
| 686 |
|
|
|a У053я73
|v LBC/SL-A
|2 rubbk
|
| 700 |
|
1 |
|a Черногорский
|b С. А.
|g Сергей Александрович
|
| 701 |
|
1 |
|a Тарушкин
|b А. Б.
|g Алексей Борисович
|
| 801 |
|
1 |
|a RU
|b 63413507
|c 20020704
|g PSBO
|
| 801 |
|
2 |
|a RU
|b 63413507
|c 20191103
|g PSBO
|
| 942 |
|
|
|c BK
|